000 01495nam a2200217Ia 4500
003 Ost
005 20260507074957.0
008 260507s9999||||xx |||||||||||||| ||und||
040 _cfsecg
041 _aara
082 _a332
100 _aدويدار، محمد
_eمؤلف
245 0 _aمبادئ الاقتصاد السياسي :
_bالاقتصاد المالي(الجزء الرابع) /
_c محمد دويدار
260 _aبيروت:
_bمنشورات الحلبي الحقوقية,
_c2003
300 _a695 صفحة؛
_bإيضاحات ؛
_c25 سم
504 _aببليوغرافيا:ص.685-687
520 _aأدوات السياسة المالية:النظرية العامة للمالية العامة،نظرية الانفاق العام،نظرية الإيراد العام،نظرية الإيراد العام نظرية الضريبة،المشكلات التي تنتج كآثار اقتصادية للضريبة،نظرية الإيراد العام النظام الضريبي،نظرية الإيراد العام نظرية القرض العام،الموازنة العامة للدولة،السياسة المالية،مكان تيارات المالية العامة من تيارات الدخل القومي،السياسة المالية في الاقتصاد الرأسمالي المتقدم،السياسة المالية والاقتصاد المتخلف
653 _aالاقتصاد
653 _aالاقتصاد المالي
942 _cكتاب
999 _c42033
_d42033